| 000 | 00464nam a2200193Ia 4500 | ||
|---|---|---|---|
| 005 | 20240823033153.0 | ||
| 008 | 240823s9999||||xx |||||||||||||| ||und|| | ||
| 020 | _a978-81-775-8881-1 | ||
| 041 | _aENGLISH | ||
| 082 | _A621.564 Q2 | ||
| 100 | _a"Dossat,Roy J" | ||
| 245 | 0 | _aPrinciples of Refrigeration | |
| 250 | _a4th | ||
| 260 |
_c2012 _b"Pearson Education," |
||
| 500 | _aYES | ||
| 650 |
_aRefrigeration _bMechanical |
||
| 942 | _cBK | ||
| 999 |
_c195181 _d195181 |
||